1262 1401 1246 1706 1165 1992 1936 1715 1606 1983 1040 1520 1154 1384 1793 1816 1944 1129 1495 1260 1130 1669 1100 1701 1685 1874 1326 1984 1301 1749 1744 1149 1781 1877 1114 1937 1389 1310 1988 1196 1695 1398 1463 1502 1749 1859 1816 1180 1288 1873 1195 1648 1413 1074 1969 1073 1340 1685 1853 1568 1437 1095 1436 1849 1334 1126 1530 1114 1731 1344 1459 1362 1890 1603 1233 1345 1598 1923 1716 1758 1492 1580 1658 1965 1883 1088 1727 1140 1498 1358 1914 1401 1143 1546 1094 1910 1187 1608 1183 BCNSPRNW ULIB Ver.6.0+V

เปลี่ยนเป็นภาษาไทย

Change to English
 แสดงรายละเอียดบรรณานุกรม
  กลับหน้าหลัก

Brief Record : Get Marc (ISO 2709) : E-mail record : QR code < ปิดหน้าต่าง
LEADER : 00000nam 2200000uu 4500
001    13399110779
003     ULIB
008    110609s2552||||th 000 0 tha d
020    9789744141118
041 1  tha^heng
050  4 BF637.S8^bท637ร 2552
100 1  เทมพลาร์, ริชาร์ด
245 10 รหัสลับ---รหัสชีวิต =^bThe rules of life /^cผู้เขียน,Richard Templar ; แปลและเรียบเรียงโดย สุนีย์รัตน์ ลิมปนวิวิธ
246 30 รหัสลับ รหัสชีวิต
246 31 The rules of life
250    พิมพ์ครั้งที่ 1
260    กรุงเทพฯ :^bดีไลท์พับลิชชิ่ง,^c2552
300    225 หน้า ;^c21 ซม.
650  7 ความสำเร็จ
650  7 การดำเนินชีวิต
700 0  สุนีย์รัตน์ ลิมปนวิวิธ,^eผู้แปล
700 1  Templar, Richard
945    ^p185^l0^i18258
995    กัณชพร
999    ^aใช้งานได้ทุกระบบ
รายการนี้ยังไม่มีแท็ก
คุณยังไม่ได้ล็อกอิน คุณสามารถมีกิจกรรมร่วมกับเว็บไซต์ได้ แต่ต้องล็อกอินก่อน ::
  ล็อกอิน

รายการสื่อสารสนเทศ

ลำดับที่ ประเภท เลขเรียก/บาร์โค้ด สถานที่ สถานะ
- ไม่พบข้อมูล -

รายการใกล้เคียง
    ผู้แต่ง [เทมพลาร์, ริชาร์ด]

    หัวเรื่อง [ความสำเร็จ]
    หัวเรื่อง [การดำเนินชีวิต]

BibComment


ยังไม่เคยถูกคอมเมนท์

คอมเมนท์ทรัพยากรรายการนี้
  คอมเมนท์: รหัสลับรหัสชีวิต ..


 Copyright 2026. Bcnsprnw @Library